| 000 | 00914nam a2200253Ia 4500 | ||
|---|---|---|---|
| 003 | OSt | ||
| 005 | 20220923215112.0 | ||
| 006 | a|||||r|||| 00| 0 | ||
| 007 | ta | ||
| 008 | 220922b |||||||| |||| 00| 0 hin d | ||
| 024 | _a175,586 | ||
| 037 | _cTextual | ||
| 040 |
_aARTS _cARTS _bhin |
||
| 041 |
_2hin _ahin |
||
| 082 | _aO152,1wL6, L7 | ||
| 100 |
_aआनन्द, खलचन्द; गुप्त, सुषमा शर्मा _9163610 |
||
| 245 | 0 | _aप्राचीन प्रतिनिधि कवि | |
| 246 | _aPrāchīn pratinidhi kavi | ||
| 260 |
_aदिल्ली _b सूर्य प्रका0 _c1977 |
||
| 300 |
_a208 पृ. _ccm. |
||
| 650 |
_aहिन्दी साहित्य _9156264 |
||
| 942 |
_hO152,1wL6, L7 _cTEXL _2CC |
||
| 999 |
_c329290 _d329290 |
||